000 04763nam a22004817a 4500
005 2011072807357.0
010 _aB-441158-180
020 _a9788131734070
_c625.00
035 _aB-441158-180
037 _bAllied Publishers
082 _a510
100 _aKhattar, Dinesh
_930327
245 _aThe Pearson guide to mathematics for the IIT-JEE/
_cby Dinesh Khattar
250 _a3rd ed.
260 _aNew Delhi
_bDorling Kindersley (India) Pvt. Ltd. Licensees of Pearson Education
_c2011
270 _a14, Local Shopping Centre, Panchsheel Park
_bNew Delhi
_e110017
300 _aVarious pagings
_c28xm(pbk)
942 _2ddc
_cEN
_mKHA
_h510
999 _c54525
_d54525